000 00211nam a22000857a 4500
008 161123b xxu||||| |||| 00| 0 eng d
100 _91338
_aRAJ.P.U.
245 _aA Complete Spoken English
260 _aNew Delhi
_c1995
999 _c4049
_d4049